| 000 | 00704nam a2200193 a 4500 | ||
|---|---|---|---|
| 005 | 20210219160149.0 | ||
| 008 | 080919s1983 mx r 000 0 spa d | ||
| 020 | _a9233017753 | ||
| 035 | _aUPN01000159870 | ||
| 049 | _aUNE | ||
| 080 | _a930.2 (68) HIS | ||
| 245 | 0 | 3 |
_aLa Historiografía del Africa Austral : _bdocumentos de trabajo e informe de la reunión de expertos, celebrada en Gaborone, Botswana, del 7 al 11 de marzo de 1977 / _cL. D. Ngcongco...(et al.); tr. María Isabel Carreras. |
| 260 |
_aParís : _bUNESCO; _aBarcelona, _bSerbal, _c1983. |
||
| 300 | _a128 p. | ||
| 690 | _aHistoriografia- Africa- Reunion | ||
| 700 | 1 | _aNgcongco, L. D.. coaut | |
| 700 | 2 | _aCUNESCO | |
| 905 | _aUNESCO | ||
| 999 |
_c131984 _d131984 |
||